000 01100nam a22003497a 4500
001 2458
003 DO-SdBNP
005 20171113115705.0
007 2458
008 160620b|1993 cl 00| 0 spa d
020 _a9580470235
040 _aBPMSU
_bspa
_cBPMSU
082 4 _a658.85
_bJ66c
092 _2
100 1 _aJohnson, Kerry L.
240 _aPeak performance seling
245 1 _aCómo lograr la excelencia en ventas :
_bqué hacer para incrementar sus ventas en un 70% en seis semanas /
_cKerry L. Johnson ; traducción Adriana de Hassan.
250 _aEdición económica.
260 0 _aBogotá :
_bGrupo Editorial Norma,
_c1993
300 _a233 p. :
_bil. ;
_c21 cm.
490 1 _aGerencia
650 4 _aÉXITO EN LOS NEGOCIOS
650 4 _aVENDEDORES Y ARTE DE VENDER
650 4 _aTÉCNICAS DE VENTAS
650 4 _aADMINISTRACION DE VENTAS
700 1 2 _aHassan, Adriana de
_etr.
830 0 _aGerencia
910 _aValidado. Control de calidad MFF
942 _2ddc
_cBK
945 _aInventariado extranjero / 2017 VM
956 _aVMATEO
_b10
_c20160620
_dBPMSU
_f0069
999 _c10437
_d10437